000 00528nam a2200181Ia 4500
005 20250508151251.0
008 008 250505s9999 xx 000 0 eng d
037 _aTextual
040 _aFEDL
_beng
_cFEDL
041 _aeng
_2eng
084 _a370.973, USE
_qFEDL
245 0 _aUnique function of education in American democracy
260 _aWashington, USA
_bEducational Policies Commission
_c1937
300 _a128p.
650 _aEducation
942 _cTEXL
_h370.973, USE
999 _c1328752
_d1328752